| 000 | 00974nam a2200217 a 4500 | ||
|---|---|---|---|
| 001 | 000030955 | ||
| 005 | 20240229073937.0 | ||
| 008 | 110608t1960 dr 000 s spa d | ||
| 040 |
_aDO-SdBNP _bspa _cBNPHU |
||
| 082 | _aF- RD 39 | ||
| 100 | 1 |
_aRead Barreras, Eduardo _957469 |
|
| 245 | 1 | 0 |
_aTrujillo una necesidad nacional : _bconferencia pronunciada en el auditorio del Partido Dominicano, el 17 de enero de 1960, Día del Benefactor / _cEduardo Read Barreras. |
| 260 |
_aCiudad Trujillo, República Dominicana : _bPartido Dominicano _bDel Caribe, _c1960. |
||
| 300 |
_a13 p. ; _c24 cm. |
||
| 600 | 1 | 0 |
_aTrujillo Molina, Rafael Leónidas, _d 1891-1961 _976764 |
| 651 | 4 |
_aRepública Dominicana _xHistoria _yERA DE TRUJILLO, 1930-1961 _xEnsayos, Conferencias, Etc. _930520 |
|
| 651 | 4 |
_aRepública Dominicana _xPolítica Y Gobierno _yERA DE TRUJILLO, 1930-1961 _91374 |
|
| 700 | 1 |
_aRead Barreras, Eduardo _957469 |
|
| 910 | _aValidado. Control de calidad EMS. | ||
| 049 | _aBNPD | ||
| 999 |
_c30447 _d30447 |
||